00335pab a2200109 454500008004000000100001600040245011600056260000900172300001500181650001400196773001500210180718b2012 xxu||||| |||| 00| 0 eng d aRogan, Mary aPrisoner's rights and the separation of powers: Comparing approaches in Ireland, Scotland and England and Wales c2012 ap.415-425. aPrisoners aPublic Law